MARC

LEADER 00000nam0a2200000 4500
001 328808
005 20231102004111.0
035 |a (RuTPU)RU\TPU\book\354508 
035 |a RU\TPU\book\354384 
090 |a 328808 
100 |a 20170222d1926 k y0rusy50 ca 
101 0 |a rus 
102 |a RU 
105 |a y z 001zy 
200 1 |a Геологические наблюдения на полуострове Басаргина в окресностях г. Владивостока  |d Observatios geologiques sur la presqu'il de Bassargine dans les environs de la ville Vladivostock  |f Б. С. Домбровский  |g Государственный дальневосточный университет (ГДУ) 
210 |a Владивосток  |c Типография ГДУ  |d 1926 
215 |a 14 с. 
225 1 |a Труды государственного Дальневосточного университета 
225 1 |a Серия 11: Геология  |v № 2 
300 |a Парал. заглавие, резюме на фр. яз. 
320 |a Библиогр. в примеч. 
510 1 |a Observatios geologiques sur la presqu'il de Bassargine dans les environs de la ville Vladivostock  |z fre 
606 1 |a Геология  |2 stltpush  |3 (RuTPU)RU\TPU\subj\6095  |9 34054 
610 1 |a Владивосток 
610 1 |a наблюдения 
610 1 |a орография 
610 1 |a полуостров Басаргина 
610 1 |a осадочные породы 
610 1 |a схемы 
675 |a 55  |v 4 
700 1 |a Домбровский  |b Б. С. 
712 0 2 |a Государственный дальневосточный университет (ГДУ)  |c (Владивосток)  |c (1920-1930)  |2 stltpush  |3 (RuTPU)RU\TPU\col\19935 
801 1 |a RU  |b 63413507  |c 20170216 
801 2 |a RU  |b 63413507  |c 20170317  |g RCR 
942 |c BK